[Event "Medimurska CupT"]
[Site "Croatia"]
[Date "2014.02.15"]
[Round "2.4"]
[White "Jancikic, Matija"]
[Black "Bunjac, Branimir"]
[Result "1-0"]
[WhiteElo "1914"]
[BlackElo "2001"]
[PlyCount "101"]
[EventDate "2014.02.08"]
[EventType "team-swiss"]
[EventRounds "6"]
[EventCountry "CRO"]
[SourceTitle "EXT 2023"]
[Source "ChessBase"]
[SourceDate "2022.10.05"]
[SourceVersion "1"]
[SourceVersionDate "2022.10.05"]
[SourceQuality "1"]

1. e4 c6 2. d4 d5 3. Nc3 dxe4 4. Nxe4 Bf5 5. Ng3 Bg6 6. Nf3 Nf6 7. h4 h6 8. h5 Bh7 9. Bd3 Bxd3 10. Qxd3 e6 11. Bd2 Nbd7 12. c4 Bd6 13. Ne4 Nxe4 14. Qxe4 0-0 15. 0-0-0 Nf6 16. Qe2 a5 17. Ne5 Qc7 18. g4 c5 19. Bc3 cxd4 20. Bxd4 b5 21. Kb1 bxc4 22. Nxc4 Be7 23. Bb6 Qb7 24. Bxa5 Nd5 25. Rd3 Rfc8 26. Rc1 Nf4 27. Qf3 Qxf3 28. Rxf3 Ne2 29. Rc2 Nd4 30. Nb6 Rxc2 31. Nxa8 Bg5 32. Rc3 Rxf2 33. a4 Rf4 34. b4 Rxg4 35. b5 Ne2 36. Rc8+ Kh7 37. b6 Rxa4 38. b7 Bf4 39. Nc7 Rxa5 40. b8Q Rxh5 41. Qb4 Rh1+ 42. Ka2 Nc1+ 43. Ka3 Rh3+ 44. Ka4 Nd3 45. Qb1 g6 46. Nxe6 Be5 47. Qf1 Nb2+ 48. Kb4 Rh4+ 49. Kb5 f6 50. Qg2 Rh5 51. Nf8+ 1-0

[Event "Medimurska CupT"]
[Site "Croatia"]
[Date "2014.02.08"]
[Round "1.5"]
[White "Milinovic, Ivan"]
[Black "Bunjac, Branimir"]
[Result "0-1"]
[WhiteElo "1801"]
[BlackElo "2001"]
[PlyCount "116"]
[EventDate "2014.02.08"]
[EventType "team-swiss"]
[EventRounds "6"]
[EventCountry "CRO"]
[SourceTitle "EXT 2023"]
[Source "ChessBase"]
[SourceDate "2022.10.05"]
[SourceVersion "1"]
[SourceVersionDate "2022.10.05"]
[SourceQuality "1"]

1. e4 c6 2. d4 d5 3. e5 Nh6 4. h3 Bf5 5. Nd2 e6 6. a3 c5 7. Bb5+ Nc6 8. c3 cxd4 9. cxd4 Qb6 10. Bxc6+ bxc6 11. Ngf3 Qa6 12. Qb3 c5 13. Qc3 Rc8 14. Nb3 cxd4 15. Qa5 Qxa5+ 16. Nxa5 Bc5 17. Nb3 d3 18. Nxc5 Rxc5 19. Nd4 0-0 20. Bxh6 gxh6 21. Nxf5 exf5 22. Kd2 Rc2+ 23. Kxd3 Rxf2 24. b4 Re8 25. Rhe1 Rxg2 26. Kd4 Rd2+ 27. Kc5 f4 28. Kd6 f3 29. Rg1+ Kf8 30. Rg4 Re6+ 31. Kd7 Rxe5 32. Rc1 Re7+ 33. Kd6 Re8 34. Rf4 Re6+ 35. Kd7 f2 36. Rf1 d4 37. R1xf2 Rxf2 38. Rxf2 Re3 39. Rd2 Rxa3 40. h4 d3 41. Kc6 Kg7 42. Rf2 Kg6 43. Kd5 f5 44. Ke5 Rb3 45. h5+ Kxh5 46. Kxf5 Kh4 47. Rf4+ Kg3 48. Rd4 Kf3 49. Rh4 Ke2 50. Rh2+ Kd1 51. Ke4 d2 52. Rxh6 Kc2 53. Rh2 Rxb4+ 54. Ke3 Rb3+ 55. Kd4 a5 56. Kc4 a4 57. Rg2 h5 58. Rh2 h4 0-1

[Event "CRO-chT3B Center North"]
[Site "Croatia"]
[Date "2013.05.05"]
[Round "4.2"]
[White "Cavlek, Marko"]
[Black "Bunjac, Branimir"]
[Result "1/2-1/2"]
[WhiteElo "1785"]
[BlackElo "2000"]
[PlyCount "52"]
[EventDate "2013.04.14"]
[EventType "team-tourn"]
[EventRounds "9"]
[EventCountry "CRO"]
[SourceTitle "EXT 2019"]
[Source "ChessBase"]
[SourceDate "2018.10.10"]
[SourceVersion "1"]
[SourceVersionDate "2018.10.10"]
[SourceQuality "1"]

1. d4 c6 2. c4 d5 3. Nf3 Nf6 4. cxd5 cxd5 5. Nc3 a6 6. Bf4 Nc6 7. e3 Bg4 8. Be2 e6 9. 0-0 Be7 10. Rc1 0-0 11. Ne5 Bxe2 12. Qxe2 Nxe5 13. Bxe5 Nd7 14. Bg3 Rc8 15. Rc2 Qa5 16. Rfc1 Bb4 17. a3 Bxc3 18. Rxc3 Rxc3 19. Rxc3 Nf6 20. f3 Qd8 21. Qc2 Nh5 22. Kf2 Nxg3 23. hxg3 h5 24. f4 g6 25. Rc7 b5 26. Rc6 a5 1/2-1/2

[Event "CRO-chT3B Center North"]
[Site "Croatia"]
[Date "2013.04.21"]
[Round "2.1"]
[White "Zeleznjak, Tihomir"]
[Black "Bunjac, Branimir"]
[Result "1-0"]
[WhiteElo "2126"]
[BlackElo "2000"]
[PlyCount "91"]
[EventDate "2013.04.14"]
[EventType "team-tourn"]
[EventRounds "9"]
[EventCountry "CRO"]
[SourceTitle "EXT 2019"]
[Source "ChessBase"]
[SourceDate "2018.10.10"]
[SourceVersion "1"]
[SourceVersionDate "2018.10.10"]
[SourceQuality "1"]

1. Nf3 d5 2. c4 c6 3. b3 Bg4 4. Ne5 Bh5 5. cxd5 cxd5 6. d4 e6 7. g3 Bb4+ 8. Bd2 Bd6 9. Bg2 Nf6 10. 0-0 0-0 11. Nc3 Bxe5 12. dxe5 Nfd7 13. f4 Nc6 14. Qe1 Rc8 15. Qf2 a6 16. e4 d4 17. Na4 b5 18. Nb2 f6 19. exf6 Rxf6 20. Nd3 e5 21. f5 Qb6 22. Rac1 Rff8 23. h3 a5 24. g4 Bf7 25. g5 a4 26. bxa4 Bc4 27. Qg3 Bxd3 28. Qxd3 bxa4 29. Qc4+ Kh8 30. Qxa4 Nc5 31. Qc4 Nd7 32. Rb1 Qa7 33. Rfc1 Ne7 34. Qe6 d3+ 35. Kf1 Rc2 36. Rxc2 dxc2 37. Rc1 Nc5 38. Qc4 Nxf5 39. exf5 Rxf5+ 40. Ke2 Ne6 41. Be3 Qf7 42. Rxc2 h6 43. Bd5 Qh5+ 44. Qg4 Qf7 45. Rc8+ Kh7 46. g6+ 1-0

[Event "Podturen Mavrin Memorial"]
[Site "Podturen"]
[Date "2013.01.06"]
[Round "7"]
[White "Zadravec, Matija"]
[Black "Bunjac, Branimir"]
[Result "0-1"]
[WhiteElo "1695"]
[BlackElo "2017"]
[PlyCount "65"]
[EventDate "2013.01.03"]
[EventType "swiss"]
[EventRounds "7"]
[EventCountry "CRO"]
[SourceTitle "CBM 152 Extra"]
[Source "ChessBase"]
[SourceDate "2013.02.25"]
[SourceVersion "1"]
[SourceVersionDate "2013.02.25"]
[SourceQuality "1"]

1. e4 c6 2. d4 d5 3. exd5 cxd5 4. Nf3 Nf6 5. Nc3 a6 6. Bf4 Bg4 7. Be2 e6 8. a3 Be7 9. 0-0 0-0 10. h3 Bxf3 11. Bxf3 Nc6 12. Ne2 Qb6 13. Rb1 Na5 14. a4 Rac8 15. b4 Nc4 16. c3 Nd6 17. Qd3 Rc4 18. Rfc1 Rfc8 19. a5 Qc6 20. Rb3 Nde4 21. Kf1 Bd6 22. Bxe4 dxe4 23. Qd2 Nd5 24. g3 Bxf4 25. gxf4 Qc7 26. Ng3 f5 27. Ne2 Qf7 28. Kg2 Qh5 29. Rg1 Qf3+ 30. Kh2 Qxf2+ 31. Rg2 e3 32. Qd3 Qf1 33. Ng1 0-1

[Event "Ptuj op 6th"]
[Site "Ptuj"]
[Date "2011.08.15"]
[Round "6"]
[White "Bunjac, Branimir"]
[Black "Skuhala, Luka"]
[Result "1-0"]
[WhiteElo "1991"]
[BlackElo "1803"]
[PlyCount "39"]
[EventDate "2011.08.12"]
[EventType "swiss"]
[EventRounds "9"]
[EventCountry "SLO"]
[SourceTitle "CBM 143 Extra"]
[Source "ChessBase"]
[SourceDate "2011.08.29"]
[SourceVersion "1"]
[SourceVersionDate "2011.08.29"]
[SourceQuality "1"]

1. e4 c5 2. Bc4 e6 3. d3 a6 4. a4 Nf6 5. Ne2 Be7 6. 0-0 d5 7. exd5 exd5 8. Bb3 0-0 9. Bg5 Qc7 10. Nbc3 d4 11. Bxf6 Bxf6 12. Nd5 Qd6 13. Ng3 Be5 14. f4 Bf6 15. Ne4 Qd8 16. Ndxf6+ gxf6 17. Qh5 Be6 18. Rf3 Nd7 19. f5 Bxb3 20. Rg3+ 1-0

[Event "Medimurska CupT"]
[Site "Cakovec"]
[Date "2011.02.27"]
[Round "4"]
[White "Bunjac, Branimir"]
[Black "Bozic, Miljenko"]
[Result "0-1"]
[WhiteElo "2029"]
[BlackElo "2001"]
[PlyCount "88"]
[EventDate "2011.02.06"]
[EventType "team-swiss"]
[EventRounds "5"]
[EventCountry "CRO"]
[SourceTitle "EXT 2012"]
[Source "ChessBase"]
[SourceDate "2011.11.24"]
[SourceVersion "1"]
[SourceVersionDate "2011.11.24"]
[SourceQuality "1"]

1. e4 d5 2. exd5 Qxd5 3. Nf3 Nf6 4. Be2 g6 5. 0-0 Bg7 6. c3 0-0 7. d4 b6 8. Bf4 Qd8 9. Nbd2 Bb7 10. Re1 Nbd7 11. h3 Re8 12. Bc4 e6 13. Bg5 h6 14. Bh4 g5 15. Bg3 Nd5 16. Rc1 N7f6 17. Ne5 a6 18. h4 Nf4 19. Bxf4 gxf4 20. Ndf3 Nd5 21. h5 Bf6 22. Bb3 Bg5 23. Qd3 Qf6 24. Bc2 Qg7 25. a3 Nf6 26. Bd1 Nxh5 27. Nxg5 Qxg5 28. Bf3 Bxf3 29. Nxf3 Qf6 30. Re5 Qg6 31. Qc4 Rac8 32. Qxa6 Nf6 33. Rce1 Kh8 34. Qb5 Rg8 35. Qf1 Qg4 36. Nh2 Qh4 37. f3 Rg3 38. Qb5 Rcg8 39. R1e2 Rh3 40. Rf2 Rxh2 41. Kf1 Rhxg2 42. Rxg2 Qh1+ 43. Ke2 Rxg2+ 44. Kd3 Qf1+ 0-1

[Event "CRO-chT3"]
[Site "Varazdin"]
[Date "2009.05.09"]
[Round "4"]
[White "Bunjac, Branimir"]
[Black "Slamar, Velimir"]
[Result "0-1"]
[WhiteElo "2037"]
[BlackElo "2233"]
[PlyCount "126"]
[EventDate "2009.04.04"]
[EventType "team-tourn"]
[EventRounds "9"]
[EventCountry "CRO"]
[SourceTitle "EXT 2011"]
[Source "ChessBase"]
[SourceDate "2010.11.26"]
[SourceVersion "1"]
[SourceVersionDate "2010.11.26"]
[SourceQuality "1"]

1. e4 e5 2. Bc4 Nf6 3. d3 Nc6 4. a3 Be7 5. Ne2 d5 6. exd5 Nxd5 7. 0-0 0-0 8. Nbc3 Be6 9. Bxd5 Bxd5 10. f4 Bf6 11. Ng3 Nd4 12. Nh5 Bc6 13. f5 Kh8 14. Ne4 Rg8 15. Be3 Bxe4 16. dxe4 Bg5 17. Bxd4 exd4 18. Qf3 Qd6 19. g4 Rad8 20. Rad1 Qb6 21. Qb3 Qxb3 22. cxb3 Rge8 23. Ng3 Rd6 24. Rfe1 f6 25. Rd3 c5 26. Kg2 g6 27. Kf3 b5 28. Red1 Red8 29. e5 Rd5 30. Ne4 gxf5 31. Nxg5 fxg4+ 32. Kxg4 fxg5 33. Kf5 Re8 34. Re1 c4 35. bxc4 bxc4 36. Rg3 d3 37. Rge3 Rb5 38. Re4 Rxb2 39. Rxc4 Rf2+ 40. Ke4 d2 41. Rd1 Rxh2 42. Rd4 Re2+ 43. Kf3 R8xe5 44. R1xd2 Rxd2 45. Rxd2 Ra5 46. Rd3 Ra4 47. Rb3 Kg7 48. Rb7+ Kg6 49. Rb3 h5 50. Rc3 h4 51. Kg2 Kf5 52. Rc5+ Kf4 53. Rc3 g4 54. Kh2 Re4 55. Rc7 Re2+ 56. Kg1 Kf3 57. Kf1 Ra2 58. Rf7+ Kg3 59. Rxa7 h3 60. Rc7 Rxa3 61. Re7 Rf3+ 62. Ke1 h2 63. Rh7 Kg2 0-1

[Event "CRO-chT3"]
[Site "Varazdin"]
[Date "2008.10.11"]
[Round "7"]
[White "Bunjac, Branimir"]
[Black "Havas, Ladislav"]
[Result "1-0"]
[WhiteElo "2022"]
[BlackElo "2293"]
[PlyCount "105"]
[EventDate "2008.04.12"]
[EventType "team-tourn"]
[EventRounds "9"]
[EventCountry "CRO"]
[SourceTitle "EXT 2011"]
[Source "ChessBase"]
[SourceDate "2010.11.26"]
[SourceVersion "1"]
[SourceVersionDate "2010.11.26"]
[SourceQuality "1"]

1. e4 c5 2. Bc4 e6 3. d3 Nc6 4. Ne2 d5 5. exd5 exd5 6. Bb3 Nf6 7. 0-0 Be7 8. Bg5 0-0 9. Nbc3 d4 10. Bxf6 Bxf6 11. Ne4 Be7 12. f4 Na5 13. f5 Nxb3 14. axb3 f6 15. N2g3 a5 16. Rf4 Bd6 17. Rh4 Bxg3 18. Nxg3 Qe8 19. Re4 Qc6 20. Qg4 Rf7 21. Rae1 Bd7 22. Nh5 g6 23. Re6 Bxe6 24. Rxe6 Kf8 25. Rxc6 gxh5 26. Qe4 bxc6 27. Qxc6 Re8 28. Qxc5+ Kg8 29. Qxd4 Re1+ 30. Kf2 Re5 31. Qf4 Rc7 32. c4 Rcc5 33. g4 hxg4 34. Qxg4+ Kf8 35. d4 Rxf5+ 36. Ke3 Rg5 37. Qe6 Rcf5 38. c5 Rf1 39. Kd3 Kg7 40. Kc4 Rc1+ 41. Kb5 Rc2 42. Kxa5 Rxb2 43. b4 Rxh2 44. d5 Rd2 45. d6 h5 46. Kb6 Rg4 47. b5 Rgd4 48. Qe7+ Kg6 49. Qe6 h4 50. Kc7 R2d3 51. b6 Rc3 52. c6 Rdc4 53. d7 1-0

[Event "Zupanja op-B 13th"]
[Site "Zupanja"]
[Date "2007.01.09"]
[Round "9"]
[White "Bunjac, Branimir"]
[Black "Ilic, Slavisa"]
[Result "0-1"]
[WhiteElo "1983"]
[BlackElo "2075"]
[PlyCount "33"]
[EventDate "2007.01.03"]
[EventType "swiss"]
[EventRounds "9"]
[EventCountry "CRO"]
[SourceTitle "CBM 116 Extra"]
[Source "ChessBase"]
[SourceDate "2007.03.07"]
[SourceVersion "1"]
[SourceVersionDate "2007.03.07"]
[SourceQuality "1"]

1. e4 Nf6 2. Nc3 d5 3. exd5 Nxd5 4. Nxd5 Qxd5 5. d4 Nc6 6. c3 e5 7. Nf3 Bg4 8. Be2 0-0-0 9. 0-0 exd4 10. cxd4 Bxf3 11. Bxf3 Qxd4 12. Qb3 Qb6 13. Qxf7 Bc5 14. a3 Rhf8 15. Qe6+ Kb8 16. b4 Bxf2+ 17. Rxf2 0-1